| 000 | 00901nam a2200241Ia 4500 | ||
|---|---|---|---|
| 003 | Ost | ||
| 005 | 20260507075555.0 | ||
| 008 | 260507s9999||||xx |||||||||||||| ||und|| | ||
| 020 | _a9960406490 | ||
| 040 | _cfsecg | ||
| 041 | _aara | ||
| 082 | _a330 | ||
| 100 |
_aشيللر، روبرت جي _eمؤلف |
||
| 245 | 0 |
_aالوفرة الاعقلانية / _c روبرت جي شيللر |
|
| 260 |
_aالرياض: _bمكتبة العبيكان, _c2005 |
||
| 300 |
_a325 صفحة؛ _bإيضاحات ؛ _c24 سم |
||
| 504 | _aمراجع ص. 313 | ||
| 520 | _aعوامل بنيوية, و عوامل ثقافية و العوامل النفسية و كذا محاولات لعقلنة الوفرة و نداء العمل. | ||
| 653 | _aالاستثمار | ||
| 653 | _aالوفرة اللاعقلانية | ||
| 700 |
_aالابرش، محمد رياض _eمؤلف ثانوي |
||
| 942 | _cكتاب | ||
| 999 |
_c44957 _d44957 |
||